000
00190 a2200097 4500
020
_a
9781558852488
041
_a
eng
100
_a
Jose Yglesias
245
_a
A wake in ybor city
942
_c
BK
999
_c
13810
_d
13810